000
00512nam a2200181Ia 4500
008
090123s9999 xx 000 0 und d
082
_b
8262
100
_a
साने शुभदा
245
_a
चित्रांगण
250
_a
1
260
_b
प्रपंच प्रकाशन
300
_a
100
600
_a
साने शुभदा
630
_a
चित्रांगण
700
_a
साने शुभदा
730
_a
चित्रांगण
942
_c
BOOK
999
_c
46328
_d
46328